The cell A molecular approach

محفوظ في:
التفاصيل البيبلوغرافية
المؤلف الرئيسي: GEOFFREY M COOPER
التنسيق: كتاب
اللغة:Undetermined
منشور في: Washington, D.C ASM Press 2000
الموضوعات:
الوسوم: إضافة وسم
لا توجد وسوم, كن أول من يضع وسما على هذه التسجيلة!
Thư viện lưu trữ: Trung tâm Học liệu Trường Đại học Cần Thơ
LEADER 00479nam a2200181Ia 4500
001 CTU_48929
008 210402s9999 xx 000 0 und d
082 |a 571.6 
082 |b C777 
100 |a GEOFFREY M COOPER 
245 4 |a The cell 
245 2 |b A molecular approach 
245 0 |c GEOFFREY M COOPER 
260 |a Washington, D.C 
260 |b ASM Press 
260 |c 2000 
650 |a cytology,molecular biology 
980 |a Trung tâm Học liệu Trường Đại học Cần Thơ